MARC

LEADER 00000nab a2200000 a 4500
001 vtls000901879
003 SK-MaSNL
005 20260305014131.0
008 040720e19991019xo 0 slo
035 |a KE10859 
040 |a KEVKJB  |b slo  |c KEVKJB  |e AACR2 
041 0 |a slo 
044 |a xo  |c SK 
080 |a 792.9(=850)  |2 1981 
100 0 |a ave  |4 aut  |9 877313 
245 1 0 |a Svet rozprávok  |b Výstava chrudimského Múzea bábkových kultúr 
300 |b 1 obr. 
610 2 7 |a České bábkové divadlo  |2 SNK  |9 1592055 
610 2 7 |a Muzeum loutkářských kultur (Chrudim, Česko)  |2 SNKKA  |9 63091 
610 2 7 |a Východoslovenská galéria (Košice, Slovensko)  |2 SNKKA  |9 29814 
610 2 7 |a Galéria Júliusa Jakobyho (Košice, Slovensko)  |2 SNKKA  |9 29565 
650 0 7 |a bábkové divadlo  |2 SNKPH  |9 3309 
650 0 7 |a dejiny divadla  |2 SNKPH  |9 83390 
651 7 |a Košice (Slovensko)  |2 SNKPHgeo  |9 18694 
651 7 |a Chrudim (Česko)  |2 SNKPHgeo  |9 30321 
651 7 |a KE,  |2 KEVKJB  |9 877256 
655 7 |a periodikum  |2 SNKPH  |9 29553 
710 2 |a České bábkové divadlo  |4 aut  |9 1592055 
710 2 |a Muzeum loutkářských kultur (Chrudim, Česko)  |4 aut  |9 63091 
710 2 |a Východoslovenská galéria (Košice, Slovensko)  |4 aut  |9 29814 
773 0 8 |t Košický večer  |g Roč. 10  |g Roč. 31, č.201, 19.10.1999, s. 6 
852 |a ZVYKNI  |b KIS3GCP 
999 |c 3267917  |d 3269847